| 000 | 00584nam a2200217 i 4500 | ||
|---|---|---|---|
| 001 | bgj | ||
| 245 | 0 | 0 |
_aClassics of Western Philisophy / _ced. by Steven M. Cahn. |
| 250 | _a[5th print.]. | ||
| 260 |
_aIndianapolis : _bHackett Publ., _c1982. |
||
| 300 |
_aXII, 1007 pp : _bill. ; _c24 cm. |
||
| 500 | _a1st publ. 1977. | ||
| 650 | 9 | _aPhilosophy | |
| 655 | _aCollected works | ||
| 700 | 1 |
_aCAHN, Steven M. _eed. |
|
| 020 | _a091514428X (pbk) | ||
| 040 | _cBPK | ||
| 041 | 0 | _aeng | |
| 920 | _a0-915144-28-X (pbk) | ||
| 942 | _cKS | ||
| 008 | s uk f |000 0 eng | ||
| 999 |
_c41378 _d41378 |
||
| 856 |
_uhttp://koha.tu.koszalin.pl/cgi-bin/koha/opac-detail.pl?biblionumber=41378 _yKatalog online BPK |
||